00301nam a2200097Ia 4500008004100000082001700041100002400058245006900082260004400151300000800195161229s9999 xx 000 0 und d a658.3 SCO/PE a Scott, Walter Dill aPersonnel management : principles, practices and a point of view bTata mcgraw-hill publishing company ltd a623